Ngữ pháp tiếng Tày - Nùng
Những nét cơ bản về hệ thống ngữ âm, từ vựng và đặc biệt là hệ thống ngữ pháp tiếng Tày - Nùng. Các phương pháp đặt câu đơn giản và câu phức hợp, cách mở rộng câu và rút gọn câu...
Spremljeno u:
| Glavni autor: | |
|---|---|
| Daljnji autori: | |
| Format: | Knjiga |
| Jezik: | Vietnamese |
| Izdano: |
H.
Nxb Khoa học xã hội
1971
|
| Teme: | |
| Oznake: |
Dodaj oznaku
Bez oznaka, Budi prvi tko označuje ovaj zapis!
|
| Thư viện lưu trữ: | Mạng thư viện Đại học Đà Nẵng |
|---|
| LEADER | 01406nam a2200361 4500 | ||
|---|---|---|---|
| 001 | 000007763 | ||
| 003 | 3928 | ||
| 005 | 20111024141028.0 | ||
| 008 | 111011s1971 viesd | ||
| 020 | |c 0 | ||
| 041 | 0 | |a vie | |
| 082 | |a 495.91 |b HO-M | ||
| 100 | 0 | |a Hoàng Văn Ma | |
| 245 | 0 | |a Ngữ pháp tiếng Tày - Nùng |c Viện ngôn ngữ học | |
| 260 | |a H. |b Nxb Khoa học xã hội |c 1971 | ||
| 300 | |a 152 tr. |c 19 cm | ||
| 500 | |a Viện ngôn ngữ học - Ban khoa học xã hội Việt Nam | ||
| 520 | |a Những nét cơ bản về hệ thống ngữ âm, từ vựng và đặc biệt là hệ thống ngữ pháp tiếng Tày - Nùng. Các phương pháp đặt câu đơn giản và câu phức hợp, cách mở rộng câu và rút gọn câu... | ||
| 653 | |a tiếng Tày-Nùng | ||
| 653 | |a Ngữ pháp | ||
| 653 | |a sách tham khảo | ||
| 700 | |a Lục Văn Pảo |a Hoàng Chí |e Tác giả | ||
| 910 | |a Duyên | ||
| OWN | |a LSP | ||
| AVA | |a UDN50 |b LSP |d 495.91 HO-M |e unavailable |t Error 5002 Not defined in file expand_doc_bib_avail. |f 2 |g 2 |h N |i 0 |k 1 | ||
| 999 | |a From the UDN01 | ||
| AVA | |a UDN50 |b LSP |d 495.91 HO-M |e unavailable |t Error 5002 Not defined in file expand_doc_bib_avail. |f 2 |g 2 |h N |i 0 |k 1 | ||
| TYP | |a Monograph | ||
| TYP | |a Printed language | ||
| 980 | |a Mạng thư viện Đại học Đà Nẵng | ||